000 00717nam a2200253 i 4500
003 OSt
005 20231001120309.0
008 230926t20232023my g 000 f may d
020 _a9786299770725
_cRM30.00
_qpaperback
040 _aPPAK
_beng
_cPPAK
_erda
082 0 4 _223
_a899.2333
090 0 0 _a899.2333
_bNOH
_dG
100 0 _aNohr,
_eauthor.
245 1 0 _aEMBLEM /
_cNoHR
264 1 _aCheras, Kuala Lumpur :
_bMenara Seni Enterprise,
_c[2023]
264 4 _c©2023
300 _a333 pages ;
_c21 cm
336 _2rdacontent
_atext
337 _2rdamedia
_aunmediated
338 _2rdacarrier
_avolume
650 1 0 _aMalay fiction
650 2 4 _aMalaysian fiction (Malay)
942 _2ddc
_cB
999 _c193168
_d193168